000 00804nam a2200253 a 4500
001 42618
003 BD-RjUL
005 20211209053551.0
008 160614s1954 ctua b 001 0 eng
035 _a(BD-RjUL)42736
040 _aDLC
_cMH
_dOCoLC
_dDLC
_dBD-RjUL
_beng
041 _aeng
082 _a338.54
_223
_bROE 1954
100 1 _aRoose, Kenneth D.
_9131021
245 1 4 _aThe economics of recession and revival :
_ban interpretation of 1937-38 /
_cby, Kenneth D. Roose
260 _aNew Haven :
_bYale University Press,
_c1954.
300 _axi, 280 p. :
_bill ;
_c25 cm.
500 _aIncludes Index
504 _aIncludes Bibliography
650 0 _aDepressions
_y1937.
_9131023
650 0 _aBusiness cycles.
_9130599
942 _2ddc
_cBK
999 _c42618
_d42618